| 000 | 00696nam a22002177a 4500 | ||
|---|---|---|---|
| 999 |
_c12743 _d12743 |
||
| 003 | AR-CdUCM | ||
| 008 | 190410b ||||| |||| 00| 0 spa d | ||
| 040 |
_aMUNICIPALIDAD PROVINCIAL DEL CUSCO _cBIBLIOTECA MUNICIPAL DEL CUSCO |
||
| 082 |
_aES / 800 / _bSA26 |
||
| 100 |
_aSarro, Gloria _930777 |
||
| 245 | _aMadame Curie / | ||
| 260 |
_aBarcelona : _bEdiciones I.D.A.G. ; _c1964. |
||
| 300 |
_a181 páginas ; _bIlustraciones _c21cm |
||
| 440 |
_aColección Auriga _nSerie Naranja _930778 |
||
| 505 | _aContenido: Novela | ||
| 650 |
_aNovela _95 |
||
| 650 |
_aLiteratura universal _9611 |
||
| 710 |
_aInstituto de Artes Gráficas _930759 |
||
| 942 |
_2ddc _cLIBROS |
||
| 945 |
_anom _d2019-04-10 |
||